000 00403nam a22001337a 4500
020 _a978-3-527-34543-4
040 _cWiley - VCH
082 _a671.5
_bM5781 A
100 _aMessler, Robert W.
_925650
245 _aA Practical Guide to Welding Solutions
_bOvercoming Technical and Material - Specific issues
260 _aNew York
_bWiley - VCH
_c2019
300 _axii, 332p.
_c27cm.
942 _2ddc
_cREF
999 _c617380
_d617380